The oceans between us (Record no. 776257)
[ view plain ]
| 000 -LEADER | |
|---|---|
| fixed length control field | 01560nam a22001937b 4500 |
| 003 - CONTROL NUMBER IDENTIFIER | |
| control field | 3228 |
| 005 - DATE AND TIME OF LATEST TRANSACTION | |
| control field | 20250514123726.0 |
| 008 - FIXED-LENGTH DATA ELEMENTS--GENERAL INFORMATION | |
| fixed length control field | 250514b sa ||||| |||| 00| 1 eng d |
| 020 ## - INTERNATIONAL STANDARD BOOK NUMBER | |
| International Standard Book Number | <a href="9781472257956">9781472257956</a> |
| Qualifying information | (pbk) |
| 040 ## - CATALOGING SOURCE | |
| Original cataloging agency | RDA |
| Transcribing agency | OCLC |
| 041 ## - LANGUAGE CODE | |
| Language | English |
| 082 ## - DEWEY DECIMAL CLASSIFICATION NUMBER | |
| Classification number | EF THOM |
| 942 ## - ADDED ENTRY ELEMENTS | |
| Creator ID | 174 |
| Creator Name | Sanet Schoeman |
| Modifier ID | 174 |
| Modifier Name | Sanet Schoeman |
| 100 ## - MAIN ENTRY--PERSONAL NAME | |
| Personal name | Thompson, Gill |
| 245 ## - TITLE STATEMENT | |
| Title | The oceans between us |
| Statement of responsibility, etc. | Gill Thompson |
| 260 ## - PUBLICATION, DISTRIBUTION, ETC. | |
| Place of publication, distribution, etc. | London; |
| Name of publisher, distributor, etc. | Headline Review; |
| Date of publication, distribution, etc. | 2019. |
| 300 ## - PHYSICAL DESCRIPTION | |
| Extent | 424 pages |
| Dimensions | 24 cm |
| 500 ## - GENERAL NOTE | |
| General note | Inspired by heartrending real events, a mother fights to find her son and a child battles for survival in this riveting debut novel. For readers of Before We Were Yours by Lisa Wingate, Lilac Girls by Martha Hall Kelly, The Letter by Kathryn Hughes, and Remember Me by Lesley Pearse. 'A warm-hearted tale of love, loss and indefatigable human spirit' Kathryn Hughes A woman is found wandering injured in London after an air raid. She remembers nothing of who she is. Only that she has lost something very precious. As the little boy waits in the orphanage, he hopes his mother will return. But then he finds himself on board a ship bound for Australia, the promise of a golden life ahead, and wonders: how will she find him in a land across the oceans? In Perth, a lonely wife takes in the orphaned child. But then she discovers the secret of his past. Should she keep quiet? Or tell the truth and risk losing the boy who has become her life? This magnificent, moving novel, set in London and Australia, is testament to the strength of the human spirit and the enduring power of love. |
| 942 ## - ADDED ENTRY ELEMENTS | |
| Source of classification or shelving scheme | Dewey Decimal Classification |
| item type | Book |
| Withdrawn status | Lost status | Source of classification or shelving scheme | Damaged status | Not for loan | Collection code | Home library | Current library | Shelving location | Date acquired | Total Checkouts | Full call number | Barcode | Date last seen | Price effective from | item type |
|---|---|---|---|---|---|---|---|---|---|---|---|---|---|---|---|
| Dewey Decimal Classification | Fiction | Standerton Regional Library | Thistle Grove | Fiction | 14.05.2025 | EF THOM | 3322803189991 | 14.05.2025 | 14.05.2025 | Book | |||||
| Dewey Decimal Classification | Fiction | Middelburg Regional Library | Thubelihle PL (MMID-PLEM-THUB) | Fiction | 03.06.2026 | EF THOM | 33228016792879 | 03.06.2026 | 03.06.2026 | Book |